Colonoscopy : diagnosis and treatment of colonic diseases

Đã lưu trong:
书目详细资料
主要作者: Shinya, Hiromi
格式: 图书
语言:Undetermined
出版: New York Igaku-Shoin 1982
主题:
标签: 添加标签
没有标签, 成为第一个标记此记录!
Thư viện lưu trữ: Trung tâm Học liệu Trường Đại học Cần Thơ
LEADER 00521nam a2200193Ia 4500
001 CTU_95130
008 210402s9999 xx 000 0 und d
082 |a 616.3 
082 |b S555 
100 |a Shinya, Hiromi 
245 0 |a Colonoscopy : 
245 0 |b diagnosis and treatment of colonic diseases 
245 0 |c Hiromi Shinya. 
260 |a New York 
260 |b Igaku-Shoin 
260 |c 1982 
650 |a Colonoscopy,Colonic diseases. 
904 |i Năm 
980 |a Trung tâm Học liệu Trường Đại học Cần Thơ